Statistics for Saturday Stumper #23

Click here to take the quiz!

General Stats

  • This quiz has been taken 106 times
  • The average score is 16 of 27

Answer Stats

Hint Answer % Correct
cationVacation
91%
icureManicure
90%
icurePedicure
87%
cessRecess
83%
tendAttend
81%
agogueSynagogue
81%
icitIllicit
79%
feitCounterfeit
79%
cessAccess
77%
tendIntend
73%
estryAncestry
67%
feitForfeit
65%
estryTapestry
64%
cationVocation
63%
cationLocation
62%
tendExtend
58%
cessExcess
54%
agogueDemagogue
49%
agoguePedagogue
45%
gantArrogant
41%
feitSurfeit
40%
estryForestry
38%
icureEpicure
35%
icitDeficit
31%
icitSolicit
22%
gantLitigant
5%
gantFumigant
1%

Score Distribution

Percentile by Number Answered

Percent of People with Each Score

Your Score History

You have not taken this quiz